[Event "Battle of Grandmasters"]
[Site "Dapitan City PHI"]
[Date "2009.03.27"]
[EventDate "2009.03.24"]
[Round "5.6"]
[Result "0-1"]
[White "Jayson Gonzales"]
[Black "Wesley So"]
[WhiteElo "2468"]
[BlackElo "2627"]
[PlyCount "103"]

1. d4 d5 2. Nf3 Nf6 3. c4 c6 4. e3 Bf5 5. Nc3 e6 6. Qb3 Qb6
7. Nh4 Be4 8. cxd5 Qxb3 9. axb3 Bxd5 10. Nxd5 cxd5 11. Bb5+
Nfd7 12. Bd2 Bd6 13. Ke2 Ke7 14. Rhc1 g5 15. Nf3 g4 16. Ne1 a6
17. Nd3 Nb6 18. Ba4 N8d7 19. Nc5 Rab8 20. Rc2 Rhc8 21. Rac1
Nf6 22. f3 Bxh2 23. Be1 gxf3+ 24. Kxf3 Bd6 25. Bh4 e5
26. Bxf6+ Kxf6 27. Nd7+ Nxd7 28. Rxc8 b5 29. Rxb8 e4+ 30. Ke2
Nxb8 31. Rc8 Ke7 32. Rh8 Nc6 33. Rxh7 Nb4 34. g4 bxa4 35. bxa4
a5 36. Kd2 Nd3 37. Kc2 Ne1+ 38. Kd1 Nf3 39. Ke2 Bb4 40. Rh5
Ke6 41. Rh6+ f6 42. Rh8 Ne1 43. Rh6 Kf7 44. Rh7+ Kg6 45. Rh5
Nd3 46. b3 Nc1+ 47. Kd1 Nxb3 48. Rxd5 Nd2 49. Rb5 Nc4 50. Ke2
Nb2 51. Rb8 Nxa4 52. Kf2 {White forfeits on time} 0-1

[Event "1st Asian Club Cup"]
[Site "Al Ain Club"]
[Date "2008.12.28"]
[EventDate "2008.12.28"]
[Round "4.1"]
[Result "1/2-1/2"]
[White "Sergey Karjakin"]
[Black "Wesley So"]
[WhiteElo "2730"]
[BlackElo "2610"]
[PlyCount "83"]

1. e4 c5 2. Nf3 Nc6 3. d4 cxd4 4. Nxd4 Nf6 5. Nc3 e5 6. Ndb5
d6 7. Bg5 a6 8. Na3 b5 9. Nd5 Be7 10. Bxf6 Bxf6 11. c3 Bg5
12. Nc2 O-O 13. a4 bxa4 14. Rxa4 a5 15. Bc4 Rb8 16. b3 Kh8
17. Nce3 g6 18. h4 Bxh4 19. g3 Bg5 20. f4 exf4 21. gxf4 Bh4+
22. Kd2 Ne7 23. Qg1 Nxd5 24. Nxd5 Be6 25. Qh2 g5 26. fxg5
Bxg5+ 27. Kc2 h6 28. Raa1 Rg8 29. Rag1 Rg6 30. Nf4 Bxf4
31. Qxf4 Qf6 32. Rxg6 Qxf4 33. Rhxh6+ Qxh6 34. Rxh6+ Kg7
35. Rh5 Bxc4 36. bxc4 Rc8 37. Rxa5 Rxc4 38. Kd3 Rc6 39. Kd4
Kf6 40. c4 Ke6 41. Rh5 Ra6 42. c5 1/2-1/2

[Event "8th Asian Continental Chess Championship"]
[Site "Subic Bay Free Port"]
[Date "2009.05.22"]
[EventDate "2009.05.13"]
[Round "10.3"]
[Result "1/2-1/2"]
[White "Yifan Hou"]
[Black "Wesley So"]
[WhiteElo "2590"]
[BlackElo "2641"]
[PlyCount "100"]

1. e4 e6 2. d4 d5 3. Nc3 Nf6 4. e5 Nfd7 5. f4 c5 6. Nf3 Nc6
7. Be3 a6 8. Qd2 b5 9. a3 Bb7 10. Bd3 Qb6 11. Qf2 cxd4
12. Nxd4 Bc5 13. Nce2 b4 14. axb4 Nxb4 15. O-O O-O 16. Nc1 f6
17. exf6 Rxf6 18. c3 Nxd3 19. Nxd3 e5 20. Nxc5 Qxc5 21. Nf3
Qc7 22. fxe5 Nxe5 23. Bd4 Nxf3+ 24. gxf3 Re6 25. Kh1 Rae8
26. Rg1 g6 27. Raf1 Bc8 28. Qh4 Qe7 29. Qh6 Qf8 30. Qg5 Re2
31. Qxd5+ Be6 32. Qg5 Bh3 33. Qh4 Bf5 34. Rf2 Re1 35. Rxe1
Rxe1+ 36. Kg2 h5 37. Rd2 Qe7 38. Bf6 Qe6 39. Bd4 Re2+ 40. Rxe2
Qxe2+ 41. Qf2 Qxf2+ 42. Kxf2 Kf7 43. Ke3 Ke6 44. c4 Kd6 45. b4
Kc6 46. Bc3 Be6 47. Kd4 Bf7 48. Bb2 Be6 49. Bc3 Bf7 50. Bb2
Be6 1/2-1/2

[Event "Airports Authority of India"]
[Site "New Delhi IND"]
[Date "2011.06.26"]
[EventDate "2011.06.22"]
[Round "5"]
[Result "1/2-1/2"]
[White "Yifan Hou"]
[Black "Wesley So"]
[WhiteElo "2612"]
[BlackElo "2667"]
[PlyCount "104"]

1. e4 e5 2. Nc3 Nf6 3. g3 d5 4. exd5 Nxd5 5. Bg2 Nxc3 6. bxc3
Bd6 7. Nf3 O-O 8. O-O Bg4 9. h3 Bxf3 10. Qxf3 c6 11. d4 Nd7
12. Qd3 f5 13. dxe5 Nxe5 14. Qd4 Qc7 15. Bf4 Nf7 16. Bxd6 Qxd6
17. Rab1 Qxd4 18. cxd4 Nd6 19. c4 Rf7 20. c5 Ne4 21. Rfe1 Nf6
22. Re5 Rd8 23. Rxf5 Rxd4 24. Rf3 Rfd7 25. Rfb3 Rd1+ 26. Rxd1
Rxd1+ 27. Kh2 Rd7 28. g4 g5 29. Kg3 Re7 30. h4 h6 31. hxg5
hxg5 32. f4 gxf4+ 33. Kxf4 Rf7 34. Kg3 Kg7 35. Bf3 Kg6 36. Rb4
Kg5 37. a4 a5 38. Rb3 Re7 39. Rb2 Ne8 40. Rh2 Nf6 41. Rb2 Ne8
42. Rh2 Ng7 43. Rh8 Re8 44. Rh2 Re5 45. Rb2 Kf6 46. Rh2 Re7
47. Rh8 Ne6 48. Ra8 Nd4 49. Kf2 Ke5 50. Kg3 Kf6 51. Kf2 Ke5
52. Kg3 Kf6 1/2-1/2

[Event "Airports Authority of India"]
[Site "New Delhi IND"]
[Date "2011.07.01"]
[EventDate "2011.06.22"]
[Round "9"]
[Result "1/2-1/2"]
[White "Wesley So"]
[Black "Yifan Hou"]
[WhiteElo "2667"]
[BlackElo "2612"]
[PlyCount "94"]

1. d4 Nf6 2. c4 e6 3. g3 d5 4. Bg2 Be7 5. Nf3 O-O 6. O-O dxc4
7. Qc2 a6 8. a4 Bd7 9. Rd1 Bc6 10. Nc3 Bxf3 11. Bxf3 Nc6
12. Bxc6 bxc6 13. Bg5 a5 14. e3 Rb8 15. Qe2 h6 16. Bxf6 Bxf6
17. Qxc4 Rxb2 18. Qxc6 Qd6 19. Qf3 Qb4 20. Rac1 Be7 21. Qc6
Bd6 22. Rb1 Qb3 23. Rxb2 Qxb2 24. Nb5 Qb3 25. Ra1 Rb8 26. Nxc7
Qb2 27. Rf1 Bxc7 28. Qxc7 Qb6 29. Qxb6 Rxb6 30. Ra1 Rb4
31. Kg2 h5 32. Kf3 Kf8 33. Ra2 Ke7 34. Kf4 f6 35. Ke4 Kd6
36. f4 f5+ 37. Kf3 g6 38. h3 Kd5 39. Ra1 Rc4 40. Ra3 Rb4
41. Ra1 Rc4 42. g4 h4 43. Ra2 Rb4 44. g5 Rc4 45. Ra1 Rb4
46. Ra2 Rc4 47. Ra1 Rb4 1/2-1/2

[Event "Battle of Grandmasters"]
[Site "Dapitan City PHI"]
[Date "2009.03.25"]
[EventDate "2009.03.24"]
[Round "3.5"]
[Result "0-1"]
[White "Eugenio Torre"]
[Black "Wesley So"]
[WhiteElo "2560"]
[BlackElo "2627"]
[PlyCount "72"]

1. d4 Nf6 2. Nf3 d5 3. c4 c6 4. Nc3 a6 5. cxd5 cxd5 6. Bf4 Nc6
7. Rc1 Bf5 8. e3 Rc8 9. a3 e6 10. Be2 Be7 11. O-O O-O 12. Nd2
Na5 13. Na2 b5 14. Rxc8 Qxc8 15. b4 Nc4 16. Qc1 a5 17. Nxc4
dxc4 18. bxa5 Qa6 19. Nb4 Qxa5 20. Nc6 Qxa3 21. Nxe7+ Qxe7
22. Qb2 Qd7 23. Bf3 Rc8 24. Rc1 Be4 25. Be2 Nd5 26. Bg3 Bd3
27. Bf3 c3 28. Qb3 Qc6 29. Bxd5 exd5 30. Qa3 Ra8 31. Qe7 c2
32. h3 h6 33. Bf4 Qc3 34. e4 Bxe4 35. Kh2 Qxd4 36. Qb7 Qxf2
0-1

[Event "8th Asian Continental Chess Championship"]
[Site "Subic Bay Free Port"]
[Date "2009.05.20"]
[EventDate "2009.05.13"]
[Round "8.6"]
[Result "1/2-1/2"]
[White "Yu Yangyi"]
[Black "Wesley So"]
[WhiteElo "2433"]
[BlackElo "2641"]
[PlyCount "80"]

1. e4 c5 2. Nf3 e6 3. d4 cxd4 4. Nxd4 Nf6 5. Nc3 Qb6 6. e5 Bc5
7. Be3 Nd5 8. Nxd5 exd5 9. c3 Bxd4 10. Bxd4 Qxb2 11. Be2 Nc6
12. O-O b6 13. Re1 Bb7 14. Bg4 Qa3 15. c4 Qb4 16. cxd5 Nxd4
17. Re4 O-O 18. Qxd4 Qxd4 19. Rxd4 Rfd8 20. Rc1 Rac8 21. Rxc8
Rxc8 22. h3 Kf8 23. Bxd7 Rc5 24. d6 Rxe5 25. Be6 Ke8 26. Bxf7+
Kd7 27. Bb3 Bc6 28. Rd2 a5 29. f4 Rf5 30. Rd4 Rf6 31. Bc2 h6
32. f5 h5 33. g4 Rxd6 34. Rxd6+ Kxd6 35. f6 gxf6 36. gxh5 Ke7
37. Kf2 b5 38. Ke3 b4 39. Kd4 Bd7 40. Kc5 f5 1/2-1/2

[Event "9th Asian Continental"]
[Site "Olongapo City PHI"]
[Date "2010.04.24"]
[EventDate "2010.04.21"]
[Round "4"]
[Result "1/2-1/2"]
[White "Yu Yangyi"]
[Black "Wesley So"]
[WhiteElo "2574"]
[BlackElo "2665"]
[PlyCount "59"]

1. e4 c5 2. Nf3 d6 3. d4 cxd4 4. Nxd4 Nf6 5. Nc3 a6 6. Be3 e6
7. Be2 Qc7 8. a4 Nc6 9. O-O Be7 10. f4 O-O 11. Kh1 Re8 12. Bd3
Nxd4 13. Bxd4 e5 14. Bg1 Be6 15. f5 Bc4 16. a5 d5 17. exd5
Bxd5 18. Nxd5 Nxd5 19. Be4 Nf6 20. Bb6 Qc8 21. Qf3 Nxe4
22. Qxe4 Bc5 23. b4 Bd4 24. Rad1 Qc3 25. Bxd4 exd4 26. Qxb7
Qxc2 27. f6 Qe4 28. Qb6 Rab8 29. Qxd4 Rxb4 30. Qf2 1/2-1/2

[Event "16th Asian Games Team Final Men"]
[Site "Guangzhou CHN"]
[Date "2010.11.26"]
[EventDate "2010.11.25"]
[Round "2"]
[Result "1/2-1/2"]
[White "Wesley So"]
[Black "Wang Yue"]
[WhiteElo "2669"]
[BlackElo "2756"]
[PlyCount "69"]

1. e4 e5 2. Nf3 Nf6 3. Nxe5 d6 4. Nf3 Nxe4 5. d4 d5 6. Bd3 Nc6
7. O-O Be7 8. Re1 Bg4 9. c4 Nf6 10. Nc3 Nxd4 11. cxd5 Bxf3
12. gxf3 c5 13. d6 Qxd6 14. Nb5 Nxb5 15. Bxb5+ Kf8 16. Qe2 h6
17. Bf4 Qxf4 18. Qxe7+ Kg8 19. Rad1 h5 20. Rd6 c4 21. Ba4 Qxf3
22. Re5 Rh6 23. Rd8+ Rxd8 24. Qxd8+ Kh7 25. Bc2+ g6 26. Rc5
Qg4+ 27. Kf1 Qh3+ 28. Ke2 Qe6+ 29. Kf1 Qh3+ 30. Ke2 Qe6+
31. Kf1 Qh3+ 32. Ke2 Qe6+ 33. Kf1 Qh3+ 34. Ke2 Qe6+ 35. Kf1
1/2-1/2

[Event "Biel Chess Festival"]
[Site "Biel SUI"]
[Date "2010.07.24"]
[EventDate "2010.07.19"]
[Round "6"]
[Result "1/2-1/2"]
[White "Evgeny Tomashevsky"]
[Black "Wesley So"]
[WhiteElo "2708"]
[BlackElo "2674"]
[PlyCount "47"]

1. d4 d5 2. c4 c6 3. Nf3 Nf6 4. e3 Bg4 5. h3 Bxf3 6. Qxf3 e6
7. Bd3 Nbd7 8. O-O Bd6 9. Nc3 O-O 10. Bd2 Re8 11. Qd1 dxc4
12. Bxc4 Nb6 13. Bb3 e5 14. Qc2 exd4 15. exd4 Bc7 16. Qd3 Qd6
17. g3 Rad8 18. Bf4 Qd7 19. Bxc7 Qxc7 20. Rfe1 Qd7 21. Rxe8+
Rxe8 22. Kg2 g6 23. Rd1 Kg7 24. Qf3 1/2-1/2

[Event "Spice Cup"]
[Site "Lubbock USA"]
[Date "2010.10.30"]
[EventDate "2010.10.28"]
[Round "3"]
[Result "1-0"]
[White "Wesley So"]
[Black "Ray Robson"]
[WhiteElo "2668"]
[BlackElo "2539"]
[PlyCount "53"]

1. e4 c5 2. Nf3 d6 3. d4 cxd4 4. Nxd4 Nf6 5. Nc3 g6 6. Be3 Bg7
7. f3 O-O 8. Qd2 Nc6 9. O-O-O d5 10. exd5 Nxd5 11. Nxc6 bxc6
12. Nxd5 cxd5 13. Qxd5 Qc7 14. Qc5 Qb7 15. b3 Bf5 16. Bd3 Rfc8
17. Qa5 Qc6 18. Bxf5 gxf5 19. c4 Qe6 20. Rhe1 Rab8 21. Bf4 Qf6
22. Be5 Bh6+ 23. Kb1 Qb6 24. Qxb6 Rxb6 25. Rd7 Rxc4 26. Bd4
Rbb4 27. Bb2 1-0

[Event "Spice Cup"]
[Site "Lubbock USA"]
[Date "2010.11.05"]
[EventDate "2010.10.28"]
[Round "8"]
[Result "0-1"]
[White "Ray Robson"]
[Black "Wesley So"]
[WhiteElo "2539"]
[BlackElo "2668"]
[PlyCount "64"]

1. e4 c5 2. Nf3 d6 3. d4 cxd4 4. Nxd4 Nf6 5. Nc3 a6 6. Bg5
Nbd7 7. Bc4 Qb6 8. Qd2 Qxb2 9. Rb1 Qa3 10. f4 e6 11. Bxe6 fxe6
12. Nxe6 Qa5 13. O-O Kf7 14. f5 Be7 15. Qe3 Re8 16. Qg3 Nc5
17. Nxg7 Rg8 18. Ne6 h6 19. e5 dxe5 20. Qxe5 Rxg5 21. Nxg5+
hxg5 22. Rfe1 Bf8 23. Rbd1 Bd7 24. Nd5 Nce4 25. Rxe4 Nxe4
26. Qxe4 Bc5+ 27. Kf1 Qa4 28. Qe2 Bb5 29. Rd3 Bxd3 30. cxd3
Kf8 31. Qh5 Qh4 32. Qxh4 gxh4 0-1